Figuras y formas: aprestamiento preescolar corporal, objetal y gráfico

Gorde:
Xehetasun bibliografikoak
Egile Nagusiak: Frostig, Marianne (Egilea), Horne, David (Egilea), Miller, Ann Marie (Egilea)
Formatua: Liburua
Hizkuntza:gaztelania
Argitaratua: Madrid Médica Panamericana 1994
Saila:Programa para el Desarrollo de la Percepción Visual
Gaiak:
Etiketak: Etiketa erantsi
Etiketarik gabe, Izan zaitez lehena erregistro honi etiketa jartzen!

MARC

LEADER 00000nam a2200000 a 4500
001 UCO6569
003 CL-VaPUC
008 001027e19940000SP |||||||||||||||||spa|d
082 0 4 |a 372.21  |b FRO  |2 21 
100 0 |a Frostig, Marianne  |e author  |9 451312 
700 0 |a Horne, David  |e author  |9 451313 
700 0 |a Miller, Ann Marie  |e author  |9 451314 
245 1 0 |a Figuras y formas: aprestamiento preescolar corporal, objetal y gráfico 
300 |a v 
942 |c BK 
945 |d 20001027 00:00:00  |a vberengu 
260 |a Madrid  |b Médica Panamericana  |c 1994 
500 |a v.1: Nivel elemental 
500 |a v.2: Nivel intermedio 
500 |a v.3: Nivel adelantado 
650 0 |a Apresto  |9 309174 
650 0 |a Apresto escolar   |9 310245 
650 0 |a Percepción   |9 266750 
650 0 |a Psicología educacional   |9 307830 
650 0 |a Educación preescolar  |9 260381 
583 |a last modification  |c 20001027 00:00:00  |k Rodrigo Vera 
490 0 |a Programa para el Desarrollo de la Percepción Visual 
999 |c 292055  |d 292053 
952 |0 0  |1 0  |4 0  |6 372_210000000000000_FRO_1994  |7 0  |8 A  |9 342587  |a BIBEDU  |b BIBEDU  |d 2019-11-20  |h v.1  |i 3663582  |o 372.21 FRO 1994  |p 3663582  |r 2019-11-20  |w 2019-11-20  |y BK  |k EPE 
952 |0 0  |1 0  |4 0  |6 372_210000000000000_FRO_1994  |7 0  |8 A  |9 342588  |a BIBEDU  |b BIBEDU  |d 2019-11-20  |h v.2  |i 3663574  |o 372.21 FRO 1994  |p 3663574  |r 2019-11-20  |w 2019-11-20  |y BK  |k EPE 
952 |0 0  |1 0  |4 0  |6 372_210000000000000_FRO_1994  |7 0  |8 A  |9 342589  |a BIBEDU  |b BIBEDU  |d 2019-11-20  |h v.3  |i 3663590  |o 372.21 FRO 1994  |p 3663590  |r 2019-11-20  |w 2019-11-20  |y BK  |k EPE